|
|
|
|
| LEADER |
00000cam a2200000 7i4500 |
| 001 |
0000003634 |
| 002 |
000003915 |
| 005 |
20000330.0 |
| 020 |
|
|
|a 0805004947
|
| 090 |
0 |
0 |
|a JF
|b SCH
|
| 100 |
1 |
|
|a Scheidl, Gerda Marie
|
| 245 |
1 |
0 |
|a Four canddles for Simon
|c Gerda Marie Scheidi ; illustrated by Marcus pfister and tanslated by Anthea Bell
|
| 260 |
|
|
|a New York :
|b North-South Books ,
|c 1987
|
| 300 |
|
|
|a p.v. :
|b ill. ;
|c 27 cm.
|
| 650 |
0 |
0 |
|a Children's stories
|
| 700 |
1 |
|
|a Pfister, Marcus ,
|e Illustrated by
|
| 999 |
|
|
|a 032156
|b BUKU
|c JUNIOR FICTION
|e PERPUSTAKAAN KOMUNITI PETALING JAYA
|
| 999 |
|
|
|a 032157
|b BUKU
|c PINJAMAN
|e PERPUSTAKAAN KOMUNITI PETALING JAYA
|
| 999 |
|
|
|a 032158
|b BUKU
|c PINJAMAN
|e PERPUSTAKAAN KOMUNITI PETALING JAYA
|